000 008380000a22002290004500
020 _a0-8297-4748-6
041 0 _aSpa.
082 0 4 _aG 268.4 Y831c
245 1 0 _aBiblioteca de ídeas: campamentos, retiros, misiones e ideas de servicio para refrescar tu ministerio / Trad. Lucas Leys
250 _aed. Silvia Himitian
260 _aMiami : Vida
300 _a85 Pag.
440 0 _aEspecialidades Juveniles
500 _aTítulo original: Camps, retreats, missions & service ideas for youth groups
520 _aPublicidad / Planificación / Juegos / Servicio
650 1 4 _aRETIROS ESPIRITUALES \ CAMPAMENTOS VACACIONALES \ MISIONES - OBRA EDUCATIVA \ TRABAJO SOCIAL DE GRUPO
001 14885
942 _cBK
999 _c43704
_d43704
336 _atexto
_btxt
_2rdacontent
337 _2rdamedia
_asin mediación
_bn
338 _2rdacarrier
_avolumen
_bnc